| 000 | 00679cam a2200205 a 4500 | ||
|---|---|---|---|
| 001 | 000013008 | ||
| 005 | 20200929163125.0 | ||
| 008 | 831031s1982 cl a b f000 0 spa | ||
| 040 |
_aDO-SdBNP _bspa _cBNPHU |
||
| 082 |
_a362.820983 _bA473d |
||
| 100 | 1 |
_aAlvarez, María de la Luz. _929998 |
|
| 245 | 1 | 0 |
_aDeprivación y familia / _cMaría de la Luz Alvarez. |
| 260 |
_aSantiago de Chile : _bUniversitaria, _c1982. |
||
| 300 |
_a158 p. : _bil. ; _c19 cm. |
||
| 490 | 1 | _aEl Mundo de las ciencias | |
| 650 | 4 |
_aFamilia _zChile _929999 |
|
| 650 | 4 |
_aPolítica nutricional _zChile _930000 |
|
| 650 | 4 |
_aFamilias con problemas _zChile _930001 |
|
| 830 | 3 |
_aEl Mundo de las ciencias _930002 |
|
| 999 |
_c12655 _d12655 |
||